[Event "POL-chT3 Kujawsko Pomorskie 1516"]
[Site "Poland"]
[Date "2016.02.14"]
[Round "6"]
[White "Zolnierowicz, Krzysztof"]
[Black "Hetmanski, Waldemar"]
[Result "1-0"]
[WhiteElo "2019"]
[BlackElo "1845"]
[PlyCount "51"]
[EventDate "2015.11.08"]
[EventType "team-tourn"]
[EventRounds "9"]
[EventCountry "POL"]
[SourceTitle "EXT 2019"]
[Source "ChessBase"]
[SourceDate "2018.10.10"]
[SourceVersion "1"]
[SourceVersionDate "2018.10.10"]
[SourceQuality "1"]

1. e4 c5 2. Nc3 Nc6 3. Nge2 d6 4. d4 cxd4 5. Nxd4 Nf6 6. Bg5 e6 7. Qd2 Be7 8. 0-0-0 0-0 9. f4 a6 10. Be2 Qa5 11. Nb3 Qc7 12. g4 b5 13. Bxf6 gxf6 14. Rhg1 b4 15. Na4 Bd7 16. Rg3 Kg7 17. f5 Rh8 18. g5 fxg5 19. Rxg5+ Bxg5 20. Qxg5+ Kf8 21. Qf6 Rg8 22. Bh5 Ne5 23. Nd4 Rc8 24. fxe6 Bxa4 25. exf7 Bd7 26. fxg8Q+ 1-0

[Event "POL-chT3 Kujawsko Pomorskie 1011"]
[Site "Poland"]
[Date "2010.12.12"]
[Round "3.11"]
[White "Maksimenko, Andrei Jr"]
[Black "Hetmanski, Waldemar"]
[Result "0-1"]
[WhiteElo "1811"]
[BlackElo "1881"]
[PlyCount "88"]
[EventDate "2010.11.07"]
[EventType "team-tourn"]
[EventRounds "11"]
[EventCountry "POL"]
[SourceTitle "EXT 2019"]
[Source "ChessBase"]
[SourceDate "2018.10.10"]
[SourceVersion "1"]
[SourceVersionDate "2018.10.10"]
[SourceQuality "1"]

1. e4 c5 2. Nf3 e6 3. d4 cxd4 4. Nxd4 Nc6 5. Nc3 Qc7 6. Be3 a6 7. Qd2 Nf6 8. f3 Bb4 9. 0-0-0 d5 10. Kb1 0-0 11. exd5 Bxc3 12. Qxc3 Nxd5 13. Qa3 Bd7 14. Nxc6 Bxc6 15. Bc5 Rfd8 16. Be2 b5 17. Bf2 b4 18. Qb3 a5 19. Qc4 Qb7 20. Bd3 a4 21. Ka1 b3 22. a3 bxc2 23. Qxc2 g6 24. Rc1 Rdc8 25. Qd2 e5 26. Be4 Rab8 27. Rxc6 Rxc6 28. Bxd5 Rd6 29. Bxb7 Rxd2 30. Be3 Re2 31. Bc6 Rxe3 32. Bxa4 Re2 33. b4 Ra8 34. Bc6 Rxa3+ 35. Kb1 Rb3+ 36. Kc1 Rxb4 37. Be4 Rxg2 38. h4 h5 39. Rd1 Rd4 40. Rh1 f5 41. Bb7 Kg7 42. f4 e4 43. Rh3 Rc4+ 44. Kd1 Rb4 0-1

[Event "POL-chT3 Kujawsko Pomorskie 1011"]
[Site "Poland"]
[Date "2010.11.21"]
[Round "2.29"]
[White "Hetmanski, Waldemar"]
[Black "Laskowski, Filip"]
[Result "1/2-1/2"]
[WhiteElo "1881"]
[BlackElo "1760"]
[PlyCount "71"]
[EventDate "2010.11.07"]
[EventType "team-tourn"]
[EventRounds "11"]
[EventCountry "POL"]
[SourceTitle "EXT 2019"]
[Source "ChessBase"]
[SourceDate "2018.10.10"]
[SourceVersion "1"]
[SourceVersionDate "2018.10.10"]
[SourceQuality "1"]

1. Nf3 Nf6 2. d4 e6 3. c4 Bb4+ 4. Bd2 Nc6 5. a3 Bxd2+ 6. Qxd2 d6 7. Nc3 Qe7 8. b4 e5 9. dxe5 dxe5 10. e3 0-0 11. Be2 Bf5 12. 0-0 Rfe8 13. Rfd1 e4 14. Nd4 Nxd4 15. exd4 e3 16. fxe3 Qxe3+ 17. Qxe3 Rxe3 18. Rac1 Rae8 19. Bf3 Bd3 20. Nb5 Be4 21. Bxe4 R8xe4 22. d5 Re7 23. h3 a6 24. d6 cxd6 25. Nxd6 Rxa3 26. Nxb7 Rb3 27. Rd8+ Re8 28. Rxe8+ Nxe8 29. Nc5 Rxb4 30. Nxa6 Rb6 31. Nc5 Rc6 32. Nd7 Nf6 33. Ne5 Rc5 34. Nd3 Rc8 35. Ne5 Rc5 36. Nd3 1/2-1/2

[Event "POL-chT4 Kujawsko Pomorskie 0910"]
[Site "Poland"]
[Date "2010.01.31"]
[Round "6.52"]
[White "Hetmanski, Waldemar"]
[Black "Rabeda, Grzegorz"]
[Result "1-0"]
[WhiteElo "1895"]
[BlackElo "1550"]
[PlyCount "65"]
[EventDate "2009.11.08"]
[EventType "team-swiss"]
[EventRounds "11"]
[EventCountry "POL"]
[SourceTitle "EXT 2020"]
[Source "ChessBase"]
[SourceDate "2019.10.17"]
[SourceVersion "1"]
[SourceVersionDate "2019.10.17"]
[SourceQuality "1"]

1. d4 d5 2. c4 c6 3. Nc3 Nf6 4. Nf3 e6 5. e3 Qa5 6. Bd2 dxc4 7. Bxc4 Qd8 8. 0-0 b5 9. Bd3 Be7 10. Qe2 0-0 11. Rac1 Nbd7 12. e4 b4 13. Na4 Qa5 14. b3 Bb7 15. e5 Nd5 16. Ng5 Bxg5 17. Bxg5 h6 18. Qe4 f5 19. exf6 N7xf6 20. Qxe6+ Kh8 21. Qh3 Nh7 22. Bd2 Qd8 23. Nc5 Bc8 24. Qg3 Bf5 25. Bxf5 Rxf5 26. Ne6 Qd7 27. Rxc6 Qf7 28. Rfc1 g5 29. Rc8+ Rxc8 30. Rxc8+ Nf8 31. Rxf8+ Qxf8 32. Nxf8 Rxf8 33. Qe5+ 1-0

[Event "POL-chT4 Kujawsko Pomorskie 0708"]
[Site "Poland"]
[Date "2008.01.13"]
[Round "5.21"]
[White "Hetmanski, Waldemar"]
[Black "Wodzynski, Mieszko"]
[Result "1/2-1/2"]
[WhiteElo "1898"]
[BlackElo "1734"]
[PlyCount "66"]
[EventDate "2007.11.04"]
[EventType "team-tourn"]
[EventRounds "11"]
[EventCountry "POL"]
[SourceTitle "EXT 2019"]
[Source "ChessBase"]
[SourceDate "2018.10.10"]
[SourceVersion "1"]
[SourceVersionDate "2018.10.10"]
[SourceQuality "1"]

1. d4 Nf6 2. c4 e5 3. dxe5 Ng4 4. Nf3 Bc5 5. e3 Nc6 6. Be2 Ngxe5 7. 0-0 Nxf3+ 8. Bxf3 Ne5 9. Be2 d6 10. b3 Bf5 11. Nc3 0-0 12. Na4 Bb6 13. Nxb6 axb6 14. Bb2 Qe7 15. Qd4 c5 16. Qc3 f6 17. Rfd1 Rad8 18. Rd2 Rd7 19. Rad1 Rfd8 20. f3 Bg6 21. e4 Nc6 22. Qc1 f5 23. exf5 Bxf5 24. Bd3 Bxd3 25. Rxd3 Qf7 26. Rd5 h6 27. a3 Ne7 28. R5d3 d5 29. cxd5 Rxd5 30. Qc3 Rxd3 31. Rxd3 Rxd3 32. Qxd3 Qd5 33. Qc3 Qd1+ 1/2-1/2

[Event "Chojnice op-B 3rd"]
[Site "Chojnice"]
[Date "2007.07.17"]
[Round "6.12"]
[White "Kucharski, Krzysztof"]
[Black "Hetmanski, Waldemar"]
[Result "1-0"]
[WhiteElo "1879"]
[BlackElo "1914"]
[PlyCount "89"]
[EventDate "2007.07.13"]
[EventType "swiss"]
[EventRounds "9"]
[EventCountry "POL"]
[SourceTitle "EXT 2023"]
[Source "ChessBase"]
[SourceDate "2022.10.05"]
[SourceVersion "1"]
[SourceVersionDate "2022.10.05"]
[SourceQuality "1"]

1. e4 c5 2. Nf3 e6 3. d4 cxd4 4. Nxd4 Nc6 5. Nb5 d6 6. Bf4 e5 7. Be3 a6 8. N5a3 Nf6 9. Nc3 b5 10. Nd5 Be6 11. Bb6 Qb8 12. Nc7+ Kd7 13. Nxa8 Qxa8 14. Bd3 Be7 15. c3 Rc8 16. Nc2 Ke8 17. 0-0 Kf8 18. f4 exf4 19. Rxf4 d5 20. Nd4 Bd7 21. Nxc6 Rxc6 22. Bd4 dxe4 23. Bxe4 Nxe4 24. Rxe4 Rg6 25. Qe2 Be6 26. Re1 Bd6 27. a3 Qb8 28. Be5 Bc5+ 29. Kh1 Qb7 30. Bg3 Kg8 31. Rd1 Be7 32. Red4 h6 33. Qe4 Qc8 34. Rd7 Bf6 35. Rc7 Qe8 36. Ra7 Kh7 37. Rxa6 b4 38. Qxb4 Rg4 39. Qb7 Bc4 40. Rad6 Re4 41. a4 Be2 42. Ra1 h5 43. Qc6 Qe7 44. Qd7 Qf8 45. Qf5+ 1-0